书目信息 |
| 题名: |
金陵大沦陷
|
|
| 作者: | 沈铁 , 黑马 编著 | |
| 分册: | ||
| 出版信息: | 北京 长城出版社 2015 |
|
| 页数: | 262页 | |
| 开本: | 24cm | |
| 丛书名: | 中国抗日战争战场全景画卷丛书 | |
| 单 册: | ||
| 中图分类: | E296.931 | |
| 科图分类: | ||
| 主题词: | 南京保卫战(1937)--史料 | |
| 电子资源: | ||
| ISBN: | 978-7-5483-0134-9 | |
| 000 | 01111oam2 2200289 45 | |
| 001 | 012001003666 | |
| 005 | 20140926114740.0 | |
| 010 | @a978-7-5483-0134-9@dCNY48.00 | |
| 100 | @a20151101d2015 em y0chiy50 ea | |
| 101 | 0 | @achi |
| 102 | @aCN@b110000 | |
| 105 | @aac z 000yy | |
| 106 | @ar | |
| 200 | 1 | @a金陵大沦陷@9jin ling da lun xian@e南京保卫战影像全纪录@f沈铁,黑马编著 |
| 210 | @a北京@c长城出版社@d2015 | |
| 215 | @a262页@c照片,肖像@d24cm | |
| 225 | 1 | @a中国抗日战争战场全景画卷丛书@h第二辑@v13 |
| 300 | @a其他题名:南京保卫战影像全纪录 | |
| 330 | @a本书全方位、多视角、全景式地讲述了1937年底南京保卫战的全过程。此役中,日军攻入南京城后制造了惨绝人寰的南京大屠杀。书中辅以大量历史资料图片,让读者更加直观地了解这段历史,让日军的罪恶展现在世人面前。 | |
| 461 | 0 | @12001 @a中国抗日战争战场全景画卷丛书 |
| 517 | 1 | @a南京保卫战影像全纪录@9nan jing bao wei zhan ying xiang quan ji lu |
| 606 | 0 | @a南京保卫战(1937)@j史料 |
| 690 | @aE296.931@v5 | |
| 701 | 0 | @a沈铁@9shen tie@4编著 |
| 701 | 0 | @a黑马@9hei ma@4编著 |
| 801 | 0 | @aCN@b上海新华@c20180901 |
| 905 | @b1159925-9@dE296.931@e96@f5 | |
| 金陵大沦陷:南京保卫战影像全纪录/沈铁,黑马编著.-北京:长城出版社,2015 |
| 262页:照片,肖像;24cm.-(中国抗日战争战场全景画卷丛书.第二辑;13) |
| 其他题名:南京保卫战影像全纪录 |
| ISBN 978-7-5483-0134-9:CNY48.00 |
| 本书全方位、多视角、全景式地讲述了1937年底南京保卫战的全过程。此役中,日军攻入南京城后制造了惨绝人寰的南京大屠杀。书中辅以大量历史资料图片,让读者更加直观地了解这段历史,让日军的罪恶展现在世人面前。 |
| ● |
| 相关链接 |
|
|
|
|
正题名:金陵大沦陷
索取号:E296.931/96
 
预约/预借
| 序号 | 登录号 | 条形码 | 馆藏地/架位号 | 状态 | 备注 |
| 1 | 1159925 | 211599251 | 第一样本阅览室/ [索取号:E296.931/96] | 在馆 | |
| 2 | 1159926 | 211599260 | 第一借阅区/ [索取号:E296.931/96] | 在馆 | |
| 3 | 1159927 | 211599279 | 第一借阅区/ [索取号:E296.931/96] | 在馆 | |
| 4 | 1159928 | 211599288 | 第一借阅区/ [索取号:E296.931/96] | 在馆 | |
| 5 | 1159929 | 211599297 | 第一借阅区/ [索取号:E296.931/96] | 在馆 |